[Event "Kirov Shakhov Memorial 6th"]
[Site "Kirov"]
[Date "2013.12.24"]
[Round "9"]
[White "Bikuzhin, Maksim"]
[Black "Kigel, Dmytro"]
[Result "1/2-1/2"]
[WhiteElo "2199"]
[BlackElo "2313"]
[PlyCount "27"]
[EventDate "2013.12.20"]
[EventType "tourn"]
[EventRounds "9"]
[EventCountry "RUS"]
[EventCategory "1"]
[SourceTitle "CBM 158 Extra"]
[Source "ChessBase"]
[SourceDate "2014.02.28"]
[SourceVersion "1"]
[SourceVersionDate "2014.02.28"]
[SourceQuality "1"]

1. e4 c6 2. d4 d5 3. exd5 cxd5 4. c4 Nf6 5. Nc3 e6 6. Nf3 Bb4 7. Bd3 dxc4 8. Bxc4 Nc6 9. 0-0 0-0 10. Bg5 Be7 11. Re1 b6 12. a3 Bb7 13. Rc1 Rc8 14. Ba2 1/2-1/2

[Event "Kirov Shakhov Memorial 6th"]
[Site "Kirov"]
[Date "2013.12.24"]
[Round "8"]
[White "Kigel, Dmytro"]
[Black "Kagramanianz, Vartan"]
[Result "1-0"]
[WhiteElo "2313"]
[BlackElo "2213"]
[PlyCount "53"]
[EventDate "2013.12.20"]
[EventType "tourn"]
[EventRounds "9"]
[EventCountry "RUS"]
[EventCategory "1"]
[SourceTitle "CBM 158 Extra"]
[Source "ChessBase"]
[SourceDate "2014.02.28"]
[SourceVersion "1"]
[SourceVersionDate "2014.02.28"]
[SourceQuality "1"]

1. d4 Nf6 2. Nf3 e6 3. c4 Bb4+ 4. Bd2 Bxd2+ 5. Qxd2 d6 6. Nc3 Nbd7 7. g3 e5 8. Bg2 c6 9. 0-0 0-0 10. e4 Re8 11. Rad1 Qa5 12. Nh4 Nf8 13. Nd5 Qxd2 14. Nxf6+ gxf6 15. Rxd2 Ng6 16. Nf5 Bxf5 17. exf5 Ne7 18. dxe5 fxe5 19. Bh3 d5 20. f6 Nc8 21. cxd5 cxd5 22. Rxd5 Nb6 23. Rc5 Rad8 24. Rc7 Rd2 25. Rxb7 Rxb2 26. Rc1 e4 27. Be6 1-0

[Event "Kirov Shakhov Memorial 6th"]
[Site "Kirov"]
[Date "2013.12.23"]
[Round "6"]
[White "Kigel, Dmytro"]
[Black "Rakhmangulov, Andrei"]
[Result "1/2-1/2"]
[WhiteElo "2313"]
[BlackElo "2373"]
[PlyCount "27"]
[EventDate "2013.12.20"]
[EventType "tourn"]
[EventRounds "9"]
[EventCountry "RUS"]
[EventCategory "1"]
[SourceTitle "CBM 158 Extra"]
[Source "ChessBase"]
[SourceDate "2014.02.28"]
[SourceVersion "1"]
[SourceVersionDate "2014.02.28"]
[SourceQuality "1"]

1. Nf3 Nf6 2. d4 c5 3. d5 d6 4. c4 b5 5. cxb5 a6 6. bxa6 Bxa6 7. Nc3 g6 8. e4 Bxf1 9. Kxf1 Bg7 10. g3 0-0 11. Kg2 Nbd7 12. h3 Qa5 13. Qc2 Nb6 14. Re1 1/2-1/2

[Event "Chervonograd 9th"]
[Site "Chervonograd"]
[Date "2013.11.13"]
[Round "5"]
[White "Kigel, Dmytro"]
[Black "Petrova, Irina"]
[Result "1-0"]
[WhiteElo "2310"]
[BlackElo "2119"]
[PlyCount "113"]
[EventDate "2013.11.11"]
[EventType "tourn"]
[EventRounds "13"]
[EventCountry "UKR"]
[EventCategory "1"]
[SourceTitle "CBM 157 Extra"]
[Source "ChessBase"]
[SourceDate "2013.12.19"]
[SourceVersion "1"]
[SourceVersionDate "2013.12.19"]
[SourceQuality "1"]

1. Nf3 g6 2. d4 Nf6 3. c4 Bg7 4. Nc3 0-0 5. e4 d6 6. Be2 e5 7. Be3 Ng4 8. Bg5 f6 9. Bc1 Kh8 10. 0-0 Nc6 11. d5 Ne7 12. Ng5 Nxh2 13. Kxh2 fxg5 14. Bxg5 h6 15. Be3 g5 16. Rh1 Ng6 17. Kg1 Bd7 18. Rc1 Qf6 19. Bg4 Be8 20. Ne2 Nf4 21. Ng3 Kg8 22. Rc3 Bg6 23. Bf5 b6 24. Bxg6 Nxg6 25. Nf5 Ne7 26. Nxe7+ Qxe7 27. Qg4 a5 28. b3 Rae8 29. Rc2 Qf7 30. a3 Qg6 31. f3 Rf7 32. Kf2 Bf8 33. Rcc1 Rh7 34. b4 axb4 35. axb4 Ra8 36. Ra1 Qe8 37. Qf5 Rxa1 38. Rxa1 Rf7 39. Qg6+ Bg7 40. Ke2 Qd7 41. Kd3 Qc8 42. Kc3 Rf6 43. Qh5 Rf8 44. Kb3 Qb7 45. Qh1 Qc8 46. Ra7 Rf7 47. Qa1 Bf8 48. Qa4 Qd8 49. Ra8 Qf6 50. Qe8 g4 51. Ka4 gxf3 52. gxf3 Qg7 53. Qe6 Kh7 54. Bxh6 Qg8 55. Bxf8 Rxf8 56. Qe7+ Rf7 57. Qh4+ 1-0

[Event "Chervonograd 9th"]
[Site "Chervonograd"]
[Date "2013.11.12"]
[Round "2"]
[White "Punin, Andrii"]
[Black "Kigel, Dmytro"]
[Result "0-1"]
[WhiteElo "2231"]
[BlackElo "2310"]
[PlyCount "102"]
[EventDate "2013.11.11"]
[EventType "tourn"]
[EventRounds "13"]
[EventCountry "UKR"]
[EventCategory "1"]
[SourceTitle "CBM 157 Extra"]
[Source "ChessBase"]
[SourceDate "2013.12.19"]
[SourceVersion "1"]
[SourceVersionDate "2013.12.19"]
[SourceQuality "1"]

1. e4 e5 2. Nf3 Nc6 3. Bb5 a6 4. Ba4 Nf6 5. 0-0 Be7 6. Re1 b5 7. Bb3 d6 8. c3 0-0 9. h3 Nb8 10. d4 Nbd7 11. Nbd2 Bb7 12. a4 c6 13. Bc2 Qc7 14. Bd3 Rfe8 15. Qc2 Nh5 16. b3 Nf4 17. Bf1 Rac8 18. Bb2 Bf6 19. g3 Ng6 20. c4 b4 21. Bg2 c5 22. d5 Rf8 23. Nf1 Rce8 24. Ne3 Bc8 25. Nf5 Ne7 26. Nh2 g6 27. Nxe7+ Rxe7 28. f4 exf4 29. gxf4 Bxb2 30. Qxb2 f6 31. Re2 g5 32. Ng4 gxf4 33. Nh6+ Kh8 34. Qd2 f3 35. Bxf3 Ne5 36. Bg2 Bxh3 37. Qf4 Rg7 38. Raa2 Rg6 39. Re3 Bc8 40. Nf5 Bxf5 41. Qxf5 Qg7 42. Rh3 Rg8 43. Qf1 Rh6 44. Kh1 Qg5 45. Rf2 Rgg6 46. Rf5 Rxh3+ 47. Bxh3 Qh6 48. Rf2 Rg3 49. Rh2 Nf3 50. Qf2 Rxh3 51. Qxf3 Rxh2+ 0-1

[Event "Chigorin Memorial 21st"]
[Site "St Petersburg"]
[Date "2013.10.08"]
[Round "4"]
[White "Vunder, Andrei"]
[Black "Kigel, Dmytro"]
[Result "1/2-1/2"]
[WhiteElo "2245"]
[BlackElo "2320"]
[PlyCount "197"]
[EventDate "2013.10.05"]
[EventType "swiss"]
[EventRounds "9"]
[EventCountry "RUS"]
[SourceTitle "CBM 156 Extra"]
[Source "ChessBase"]
[SourceDate "2013.10.22"]
[SourceVersion "1"]
[SourceVersionDate "2013.10.22"]
[SourceQuality "1"]

1. d4 g6 2. Nf3 Bg7 3. c4 f5 4. Nc3 Nf6 5. e3 0-0 6. b4 d6 7. Bb2 Qe8 8. Qb3 c6 9. Rd1 Kh8 10. Be2 e5 11. dxe5 dxe5 12. 0-0 Nbd7 13. c5 b6 14. cxb6 Nxb6 15. Rd6 Rb8 16. b5 cxb5 17. Bxb5 Bd7 18. Bxd7 Nbxd7 19. Qc2 Nb6 20. Ba1 Qe7 21. Rdd1 Rfc8 22. Qe2 e4 23. Nd4 Nc4 24. Rb1 Qf7 25. Rfc1 Ne5 26. Ncb5 Rxc1+ 27. Rxc1 Nd3 28. Rc7 Qxc7 29. Nxc7 Rb1+ 30. Qf1 Rxf1+ 31. Kxf1 Ng4 32. Ndb5 a5 33. Bc3 a4 34. Ne6 Bxc3 35. Nxc3 a3 36. Nd4 Ngxf2 37. Nc2 Ng4 38. h3 Nge5 39. Nxa3 Kg7 40. Nc2 Nc4 41. Ke2 Kf6 42. Nd5+ Kg5 43. Ndb4 Nc5 44. Ne1 Kh4 45. Kf2 Nb2 46. Nd5 Nca4 47. Nf4 Nc3 48. g3+ Kg5 49. Nc2 Nxa2 50. Nd4 Nc3 51. Ke1 Nc4 52. Ng2 Kf6 53. h4 Kg7 54. h5 Kh6 55. hxg6 hxg6 56. Ne2 Nd5 57. Kf2 Kg5 58. Nef4 Ncxe3 59. Nxe3 Nxf4 60. gxf4+ Kxf4 61. Nd5+ Ke5 62. Ne7 g5 63. Nc6+ Kf4 64. Nd4 Ke5 65. Nc6+ Kd5 66. Ne7+ Ke6 67. Nc6 f4 68. Nd8+ Kf6 69. Nb7 g4 70. Nd6 Ke5 71. Nf7+ Kd4 72. Nh6 g3+ 73. Kg2 Ke3 74. Nf5+ Kd3 75. Nh4 Ke2 76. Nf5 Kd3 77. Nh4 Kd4 78. Ng6 Ke3 79. Nh4 Ke2 80. Nf5 Kd2 81. Nh4 Ke3 82. Nf5+ Kd2 83. Nh4 Ke2 84. Nf5 Kd1 85. Nd4 Ke1 86. Nc2+ Ke2 87. Nd4+ Kd3 88. Ne6 Ke3 89. Ng7 Ke2 90. Nf5 Kd1 91. Nd4 Ke1 92. Nf5 e3 93. Nd4 Kd2 94. Kf3 Kd1 95. Ne2 g2 96. Ng1 Kd2 97. Kxg2 e2 98. Nf3+ Ke3 99. Ne1 1/2-1/2

[Event "Zhovkva Royal Residence Cup 4th"]
[Site "Zhovkva"]
[Date "2013.08.20"]
[Round "8"]
[White "Kagramanianz, Vartan"]
[Black "Kigel, Dmytro"]
[Result "1/2-1/2"]
[WhiteElo "2230"]
[BlackElo "2339"]
[PlyCount "24"]
[EventDate "2013.08.16"]
[EventType "tourn"]
[EventRounds "9"]
[EventCountry "UKR"]
[EventCategory "1"]
[SourceTitle "CBM 156 Extra"]
[Source "ChessBase"]
[SourceDate "2013.10.22"]
[SourceVersion "1"]
[SourceVersionDate "2013.10.22"]
[SourceQuality "1"]

1. e4 e5 2. Nf3 Nc6 3. Nc3 Nf6 4. g3 Bc5 5. Bg2 d6 6. 0-0 a6 7. d3 Be6 8. Be3 0-0 9. d4 exd4 10. Nxd4 Nxd4 11. Bxd4 Bxd4 12. Qxd4 Bd7 1/2-1/2

[Event "Wch U20 51st"]
[Site "Athens"]
[Date "2012.08.14"]
[Round "12"]
[White "Kigel, Dmytro"]
[Black "Soors, Stef"]
[Result "1/2-1/2"]
[WhiteElo "2276"]
[BlackElo "2364"]
[PlyCount "82"]
[EventDate "2012.08.02"]
[EventType "swiss"]
[EventRounds "13"]
[EventCountry "GRE"]
[SourceTitle "CBM 149 Extra"]
[Source "ChessBase"]
[SourceDate "2012.08.24"]
[SourceVersion "1"]
[SourceVersionDate "2012.08.24"]
[SourceQuality "1"]

1. d4 Nf6 2. c4 e6 3. Nc3 Bb4 4. e3 0-0 5. Nge2 c6 6. Ng3 d5 7. Qb3 Qe7 8. Bd2 Rd8 9. cxd5 exd5 10. Bd3 c5 11. dxc5 Nc6 12. 0-0 d4 13. exd4 Rxd4 14. Bb5 Bxc5 15. Bxc6 bxc6 16. Be3 Be6 17. Qc2 Rg4 18. Rfe1 Bb6 19. b3 Bc7 20. Rad1 Rg6 21. Nf5 Qb4 22. Ne2 Bd5 23. Neg3 Bxg3 24. Nxg3 Ne4 25. Rf1 Qe7 26. Rd4 Nxg3 27. hxg3 h6 28. Ra4 a6 29. Qd3 Qb7 30. Rc1 Kh8 31. Rc5 Qe7 32. Rca5 Qe5 33. Rxa6 Rxa6 34. Rxa6 f5 35. Ra4 Kh7 36. Kh2 Be4 37. Qd4 Qe8 38. Ra7 Rg4 39. Qd6 Bd5 40. Re7 Qh5+ 41. Kg1 Rg6 1/2-1/2

[Event "Wch U20 51st"]
[Site "Athens"]
[Date "2012.08.13"]
[Round "11"]
[White "Dimitrov, Radoslav"]
[Black "Kigel, Dmytro"]
[Result "0-1"]
[WhiteElo "2424"]
[BlackElo "2276"]
[PlyCount "148"]
[EventDate "2012.08.02"]
[EventType "swiss"]
[EventRounds "13"]
[EventCountry "GRE"]
[SourceTitle "CBM 149 Extra"]
[Source "ChessBase"]
[SourceDate "2012.08.24"]
[SourceVersion "1"]
[SourceVersionDate "2012.08.24"]
[SourceQuality "1"]

1. c4 e6 2. Nc3 Bb4 3. Nf3 Nf6 4. g3 0-0 5. Bg2 d5 6. a3 Be7 7. 0-0 d4 8. Na4 c5 9. d3 Nc6 10. Rb1 a5 11. Qb3 Ra6 12. e3 Nd7 13. exd4 cxd4 14. Bd2 Nb6 15. Rfc1 Nxa4 16. Qxa4 e5 17. Qb5 Qc7 18. Re1 f6 19. b4 axb4 20. Qd5+ Kh8 21. axb4 Nd8 22. b5 Ra3 23. b6 Qd7 24. Qe4 Ne6 25. Bh3 Nc5 26. Bxd7 Nxe4 27. Bxc8 Nxd2 28. Bxb7 Nxb1 29. Rxb1 Rxd3 30. Be4 Rc3 31. b7 Rb8 32. Nd2 Kg8 33. Bd5+ Kf8 34. Ne4 Ra3 35. c5 Ke8 36. Rb6 Kd8 37. f4 Ra1+ 38. Kf2 Rc1 39. fxe5 f5 40. Nd6 Rxc5 41. Bf3 Kc7 42. Ra6 Rxe5 43. Rc6+ Kd7 44. Nc4 Rc5 45. Nb6+ Kd8 46. Rc8+ Rcxc8 47. bxc8R+ Rxc8 48. Nxc8 Kxc8 49. Ke2 Kd7 50. Kd3 Bf6 51. Bd5 Ke7 52. Ke2 Be5 53. Bc4 Kf6 54. Kf3 g5 55. h3 h5 56. Kg2 g4 57. Be2 Kg5 58. Bb5 f4 59. gxf4+ Bxf4 60. Bc4 Be3 61. Bb5 Kh4 62. Bc4 Bf4 63. Bb5 Be5 64. Bc4 Bh8 65. Bf1 Kg5 66. Bb5 Bf6 67. Bc4 Kf4 68. Bf7 g3 69. Bxh5 Bh4 70. Kf1 Ke3 71. Bg6 d3 72. Bf5 Kd2 73. Bg6 Kc3 74. Be4 d2 0-1

[Event "Wch U20 51st"]
[Site "Athens"]
[Date "2012.08.05"]
[Round "4"]
[White "Rapport, Richard"]
[Black "Kigel, Dmytro"]
[Result "1-0"]
[WhiteElo "2605"]
[BlackElo "2276"]
[PlyCount "43"]
[EventDate "2012.08.02"]
[EventType "swiss"]
[EventRounds "13"]
[EventCountry "GRE"]
[SourceTitle "CBM 149 Extra"]
[Source "ChessBase"]
[SourceDate "2012.08.24"]
[SourceVersion "1"]
[SourceVersionDate "2012.08.24"]
[SourceQuality "1"]

1. d4 Nf6 2. c4 e6 3. Nc3 Bb4 4. e3 b6 5. Nge2 Ba6 6. Ng3 Qe7 7. Bd3 c5 8. 0-0 Bxc3 9. bxc3 Nc6 10. e4 0-0 11. Re1 d6 12. e5 dxe5 13. dxe5 Nd7 14. Bf4 f5 15. exf6 Qxf6 16. Nh5 Qf7 17. Qg4 Nf6 18. Nxf6+ Qxf6 19. Be4 e5 20. Bg3 Bc8 21. Qh5 g6 22. Qh6 1-0

[Event "Wch U20 51st"]
[Site "Athens"]
[Date "2012.08.03"]
[Round "2"]
[White "Rombaldoni, Axel"]
[Black "Kigel, Dmytro"]
[Result "0-1"]
[WhiteElo "2494"]
[BlackElo "2276"]
[PlyCount "70"]
[EventDate "2012.08.02"]
[EventType "swiss"]
[EventRounds "13"]
[EventCountry "GRE"]
[SourceTitle "CBM 149 Extra"]
[Source "ChessBase"]
[SourceDate "2012.08.24"]
[SourceVersion "1"]
[SourceVersionDate "2012.08.24"]
[SourceQuality "1"]

1. d4 Nf6 2. c4 e6 3. Nf3 b6 4. a3 Bb7 5. Nc3 g6 6. Qc2 Bg7 7. e4 0-0 8. e5 Nh5 9. Be2 f6 10. g4 fxe5 11. gxh5 Rxf3 12. d5 Rf5 13. hxg6 h6 14. Be3 Rf8 15. 0-0-0 exd5 16. cxd5 c6 17. Qd2 cxd5 18. Nxd5 Nc6 19. Bc4 Qh4 20. f4 Kh8 21. Kb1 Rac8 22. Ba2 exf4 23. Bf2 Qh5 24. Ka1 f3 25. Rhe1 Rce8 26. Nf4 Qb5 27. a4 Qxa4 28. Rxe8 Rxe8 29. Qxd7 Rg8 30. Bg3 Qc2 31. Rb1 Bc8 32. Qd1 Bxb2+ 33. Rxb2 Qxd1+ 34. Bb1 Bf5 35. Bh4 Qa4+ 0-1

[Event "Wch U20 51st"]
[Site "Athens"]
[Date "2012.08.02"]
[Round "1"]
[White "Kigel, Dmytro"]
[Black "Van Kampen, Robin"]
[Result "1/2-1/2"]
[WhiteElo "2276"]
[BlackElo "2565"]
[PlyCount "60"]
[EventDate "2012.08.02"]
[EventType "swiss"]
[EventRounds "13"]
[EventCountry "GRE"]
[SourceTitle "CBM 149 Extra"]
[Source "ChessBase"]
[SourceDate "2012.08.24"]
[SourceVersion "1"]
[SourceVersionDate "2012.08.24"]
[SourceQuality "1"]

1. d4 d5 2. c4 c6 3. Nf3 Nf6 4. Nc3 e6 5. Bg5 h6 6. Bh4 dxc4 7. e3 b5 8. a4 Bb4 9. Nd2 Bb7 10. axb5 Bxc3 11. bxc3 cxb5 12. Rb1 Bc6 13. e4 Qa5 14. Bxf6 gxf6 15. d5 exd5 16. exd5 Bxd5 17. Qh5 Bc6 18. Bxc4 Qc7 19. Bxb5 Qe5+ 20. Qxe5+ fxe5 21. 0-0 0-0 22. f4 a6 23. Bxc6 Nxc6 24. Rb6 Rfc8 25. Ne4 a5 26. fxe5 Rab8 27. Ra6 Ra8 28. Rb6 Rab8 29. Ra6 Ra8 30. Rb6 Rab8 1/2-1/2

[Event "Pardubice Czech op-A 23rd"]
[Site "Pardubice"]
[Date "2012.07.26"]
[Round "7"]
[White "Boros, Denes"]
[Black "Kigel, Dmytro"]
[Result "1-0"]
[WhiteElo "2485"]
[BlackElo "2276"]
[PlyCount "91"]
[EventDate "2012.07.12"]
[EventType "swiss"]
[EventRounds "9"]
[EventCountry "CZE"]
[SourceTitle "CBM 149 Extra"]
[Source "ChessBase"]
[SourceDate "2012.08.24"]
[SourceVersion "1"]
[SourceVersionDate "2012.08.24"]
[SourceQuality "1"]

1. e4 e5 2. Nf3 Nc6 3. Bb5 a6 4. Ba4 Nf6 5. 0-0 Be7 6. Re1 b5 7. Bb3 d6 8. c3 0-0 9. h3 Nb8 10. d3 Nbd7 11. Nbd2 Bb7 12. Nf1 Re8 13. Ng3 Nc5 14. Bc2 Bf8 15. b4 Ncd7 16. Bb3 d5 17. Bg5 c5 18. bxc5 dxe4 19. Nxe4 h6 20. Bxf6 Nxf6 21. Ng3 e4 22. dxe4 Nxe4 23. Nxe4 Bxe4 24. Nd4 Qg5 25. g3 Qg6 26. a4 Bxc5 27. axb5 axb5 28. Rxa8 Rxa8 29. Qe2 Bc6 30. Bc2 Qd6 31. Qd3 g6 32. Nxc6 Qxc6 33. Bb3 Qd6 34. Qf3 Rf8 35. Kg2 Kg7 36. Re4 b4 37. Rf4 Qe7 38. Rc4 Kg8 39. Qc6 Bd6 40. Rd4 Rd8 41. cxb4 Qf6 42. Rf4 Qe7 43. Rxf7 Qxf7 44. Bxf7+ Kxf7 45. b5 Bb8 46. Qb7+ 1-0

[Event "Pardubice Czech op-A 23rd"]
[Site "Pardubice"]
[Date "2012.07.22"]
[Round "3"]
[White "Kigel, Dmytro"]
[Black "Haba, Petr"]
[Result "1-0"]
[WhiteElo "2276"]
[BlackElo "2485"]
[PlyCount "98"]
[EventDate "2012.07.12"]
[EventType "swiss"]
[EventRounds "9"]
[EventCountry "CZE"]
[SourceTitle "CBM 149 Extra"]
[Source "ChessBase"]
[SourceDate "2012.08.24"]
[SourceVersion "1"]
[SourceVersionDate "2012.08.24"]
[SourceQuality "1"]

1. d4 d5 2. c4 c6 3. Nf3 Nf6 4. Nc3 a6 5. c5 g6 6. Bf4 Bg7 7. e3 0-0 8. Be2 Nbd7 9. 0-0 Nh5 10. b4 f6 11. Bg3 Nxg3 12. hxg3 e5 13. e4 dxe4 14. Nxe4 f5 15. Bc4+ Kh8 16. Neg5 Qe7 17. dxe5 b5 18. cxb6 Nxb6 19. Bb3 Nd5 20. Bxd5 cxd5 21. Qxd5 Bb7 22. Qb3 Rae8 23. Nh3 Bxf3 24. gxf3 Qxe5 25. Rac1 Qb2 26. Qc4 Qe2 27. Nf4 Qxf3 28. Ne6 Rf6 29. Nxg7 Kxg7 30. Qd4 Qb7 31. Rfe1 Rxe1+ 32. Rxe1 Qf7 33. Rc1 g5 34. a4 Kg6 35. b5 axb5 36. axb5 Qb7 37. Qe5 f4 38. Rc5 fxg3 39. Qxg5+ Kf7 40. fxg3 Qa7 41. Qe3 Qd7 42. Re5 h5 43. Qe2 Qg4 44. Qd3 Kg7 45. Re7+ Rf7 46. Rxf7+ Kxf7 47. b6 Qb4 48. Qd5+ Kg6 49. b7 Qb1+ 1-0

[Event "Golden Sands Europe op 1st"]
[Site "Golden Sands"]
[Date "2012.06.10"]
[Round "7"]
[White "Kigel, Dmytro"]
[Black "Rathnakaran, Kantholi"]
[Result "0-1"]
[WhiteElo "2233"]
[BlackElo "2441"]
[PlyCount "82"]
[EventDate "2012.06.04"]
[EventType "swiss"]
[EventRounds "9"]
[EventCountry "BUL"]
[SourceTitle "CBM 148 Extra"]
[Source "ChessBase"]
[SourceDate "2012.06.22"]
[SourceVersion "1"]
[SourceVersionDate "2012.06.22"]
[SourceQuality "1"]

1. d4 Nf6 2. c4 c5 3. d5 e6 4. Nc3 exd5 5. cxd5 d6 6. e4 g6 7. f4 Bg7 8. Bb5+ Nfd7 9. a4 Qh4+ 10. g3 Qe7 11. Nf3 0-0 12. 0-0 Na6 13. e5 dxe5 14. d6 Qd8 15. Re1 exf4 16. Bxf4 Nb4 17. Bg5 f6 18. Be3 b6 19. Nd5 Bb7 20. Nc7 a6 21. Bc4+ Kh8 22. Ne6 Qc8 23. Nxg7 Ne5 24. Ne6 Nxf3+ 25. Kf2 Ne5 26. Bh6 Rf7 27. Rxe5 fxe5+ 28. Ke1 Qc6 29. Qe2 Qxd6 30. Ng5 Re7 31. Qf2 Qc6 32. Nf7+ Rxf7 33. Qxf7 Qh1+ 34. Bf1 Nd3+ 35. Kd1 Bf3+ 36. Kd2 Qxh2+ 37. Kc3 Qxb2+ 38. Kxd3 e4+ 39. Ke3 Qxa1 40. Kf2 Qb2+ 41. Ke1 Rd8 0-1

[Event "EU-ch 13th"]
[Site "Plovdiv"]
[Date "2012.03.24"]
[Round "5"]
[White "Kigel, Dmytro"]
[Black "Neubauer, Martin"]
[Result "0-1"]
[WhiteElo "2235"]
[BlackElo "2413"]
[PlyCount "130"]
[EventDate "2012.03.20"]
[EventType "swiss"]
[EventRounds "11"]
[EventCountry "BUL"]
[SourceTitle "CBM 148"]
[Source "ChessBase"]
[SourceDate "2012.05.16"]
[SourceVersion "1"]
[SourceVersionDate "2012.05.16"]
[SourceQuality "1"]

1. d4 Nf6 2. c4 g6 3. Nc3 d5 4. cxd5 Nxd5 5. e4 Nxc3 6. bxc3 Bg7 7. Nf3 c5 8. Rb1 0-0 9. Be2 Nc6 10. d5 Ne5 11. Nxe5 Bxe5 12. Qd2 e6 13. f4 Bc7 14. 0-0 exd5 15. exd5 Ba5 16. Ba3 b6 17. Rbd1 Qf6 18. Bb2 Bf5 19. Bb5 c4 20. Bxc4 b5 21. Bb3 Rac8 22. d6 Bxc3 23. Bxc3 Rxc3 24. Qd5 a6 25. Qe5 Kg7 26. Rfe1 Rd8 27. h3 h5 28. Qxf6+ Kxf6 29. Re7 Rd7 30. Rde1 Rd3 31. Rxd7 Bxd7 32. Bxf7 Rxd6 33. Bb3 a5 34. Re2 Rd4 35. Kf2 Rxf4+ 36. Ke3 Rb4 37. Rf2+ Bf5 38. Bd1 Kg5 39. Rd2 Re4+ 40. Kf3 Re5 41. Bc2 b4 42. Bb3 Be4+ 43. Kf2 Rc5 44. h4+ Kf4 45. Rd7 Bc2 46. Bg8 Bf5 47. g3+ Kg4 48. Rd4+ Kh3 49. Bb3 Rc3 50. Rd5 Rxg3 51. Rxa5 Kxh4 52. Ra4 Rg4 53. a3 bxa3 54. Rxa3 Rb4 55. Bd5 Rb2+ 56. Kg1 Rd2 57. Bf7 Rd3 58. Ra6 Kg3 59. Ra1 h4 60. Bc4 Rc3 61. Bd5 Bg4 62. Be4 g5 63. Rb1 Re3 64. Bg2 h3 65. Bc6 Rd3 0-1

[Event "EU-ch 13th"]
[Site "Plovdiv"]
[Date "2012.03.21"]
[Round "2"]
[White "Bukal, Vladimir Jr"]
[Black "Kigel, Dmytro"]
[Result "1-0"]
[WhiteElo "2441"]
[BlackElo "2235"]
[PlyCount "59"]
[EventDate "2012.03.20"]
[EventType "swiss"]
[EventRounds "11"]
[EventCountry "BUL"]
[SourceTitle "CBM 148"]
[Source "ChessBase"]
[SourceDate "2012.05.16"]
[SourceVersion "1"]
[SourceVersionDate "2012.05.16"]
[SourceQuality "1"]

1. d4 d5 2. c4 e6 3. Nc3 Nf6 4. Nf3 Bb4 5. g3 0-0 6. Bg2 dxc4 7. 0-0 c5 8. a3 Bxc3 9. bxc3 Nc6 10. a4 Qa5 11. Qc2 Rd8 12. Rd1 cxd4 13. cxd4 Qa6 14. Bg5 h6 15. Bxf6 gxf6 16. e4 Kg7 17. Qc3 Na5 18. e5 f5 19. Nd2 Bd7 20. d5 Kh7 21. d6 Rac8 22. Ne4 fxe4 23. Bxe4+ Kg7 24. Qf3 Bc6 25. Qf6+ Kg8 26. Rd4 h5 27. Bh7+ Kxh7 28. Rh4 Bf3 29. Qxf3 f5 30. Qxh5+ 1-0

[Event "Geller Memorial op-A 7th"]
[Site "Odessa"]
[Date "2011.08.21"]
[Round "2"]
[White "Kharchenko, Boris"]
[Black "Kigel, Dmytro"]
[Result "1/2-1/2"]
[WhiteElo "2450"]
[BlackElo "2210"]
[PlyCount "63"]
[EventDate "2011.08.20"]
[EventType "swiss"]
[EventRounds "9"]
[EventCountry "UKR"]
[SourceTitle "EXT 2014"]
[Source "ChessBase"]
[SourceDate "2013.11.20"]
[SourceVersion "1"]
[SourceVersionDate "2013.11.20"]
[SourceQuality "1"]

1. e4 e5 2. Nf3 Nc6 3. Bb5 a6 4. Ba4 Nf6 5. 0-0 Be7 6. Re1 b5 7. Bb3 0-0 8. h3 d6 9. c3 Bb7 10. d4 Re8 11. Nbd2 Bf8 12. a3 g6 13. Bc2 Nb8 14. b4 Nbd7 15. Bb2 Bg7 16. dxe5 Nxe5 17. Nxe5 Rxe5 18. c4 Re8 19. cxb5 axb5 20. Bd3 Qd7 21. Qe2 Bc6 22. Rac1 Rab8 23. Qf3 Nh5 24. Bxg7 Nxg7 25. Qf6 Ba8 26. Nb3 Ne6 27. Bf1 Qd8 28. Qxd8 Rexd8 29. e5 dxe5 30. Rxe5 Rd5 31. Rxd5 Bxd5 32. Nc5 1/2-1/2

[Event "Rodatychi Magic Valley 3rd"]
[Site "Rodatychi"]
[Date "2011.07.09"]
[Round "6"]
[White "Kigel, Dmytro"]
[Black "Vetoshko, Volodymyr"]
[Result "1/2-1/2"]
[WhiteElo "2210"]
[BlackElo "2212"]
[PlyCount "53"]
[EventDate "2011.07.04"]
[EventType "tourn"]
[EventRounds "9"]
[EventCountry "UKR"]
[EventCategory "1"]
[SourceTitle "CBM 143 Extra"]
[Source "ChessBase"]
[SourceDate "2011.08.29"]
[SourceVersion "1"]
[SourceVersionDate "2011.08.29"]
[SourceQuality "1"]

1. e4 c5 2. Nf3 Nc6 3. Bb5 g6 4. Bxc6 dxc6 5. d3 Bg7 6. h3 Nf6 7. Nc3 0-0 8. Be3 b6 9. Qd2 Ne8 10. Bh6 b5 11. h4 f6 12. Be3 Qd6 13. Ng1 e5 14. f4 exf4 15. Bxf4 Qe7 16. 0-0-0 a5 17. h5 a4 18. a3 b4 19. Nb1 Bg4 20. Nf3 gxh5 21. Rde1 Nc7 22. Nh4 Nb5 23. Nf5 Bxf5 24. exf5 Qf7 25. Bh6 bxa3 26. bxa3 Qa2 27. Bxg7 1/2-1/2

[Event "Rodatychi Magic Valley 3rd"]
[Site "Rodatychi"]
[Date "2011.07.08"]
[Round "5"]
[White "Andrenko, Irina"]
[Black "Kigel, Dmytro"]
[Result "0-1"]
[WhiteElo "2272"]
[BlackElo "2210"]
[PlyCount "102"]
[EventDate "2011.07.04"]
[EventType "tourn"]
[EventRounds "9"]
[EventCountry "UKR"]
[EventCategory "1"]
[SourceTitle "CBM 143 Extra"]
[Source "ChessBase"]
[SourceDate "2011.08.29"]
[SourceVersion "1"]
[SourceVersionDate "2011.08.29"]
[SourceQuality "1"]

1. e4 e5 2. Nf3 Nc6 3. Bc4 Nf6 4. Ng5 d5 5. exd5 Na5 6. Bb5+ c6 7. dxc6 bxc6 8. Qf3 Be7 9. Bd3 h6 10. Ne4 Nd5 11. Qg3 0-0 12. 0-0 f5 13. Nec3 e4 14. Nxe4 fxe4 15. Bxe4 Bf5 16. Bxf5 Rxf5 17. d3 Bd6 18. Qg4 Qf6 19. Nc3 Nxc3 20. bxc3 Rf8 21. Be3 c5 22. Rab1 Nc6 23. d4 Bf4 24. Rfd1 Na5 25. Qe2 Bxe3 26. fxe3 Rf2 27. Qd3 Qg5 28. Qe4 Nc4 29. Rb8 Qxg2+ 30. Qxg2 Rxg2+ 31. Kxg2 Nxe3+ 32. Kg3 Rxb8 33. Rd3 cxd4 34. cxd4 Nxc2 35. d5 Kf7 36. Rd2 Nb4 37. a3 Na6 38. Kf4 Kf6 39. Rc2 Rb6 40. h4 Nb8 41. Rc8 Rb7 42. h5 Nd7 43. Rc6+ Kf7 44. d6 Ke6 45. Rc7 Rxc7 46. dxc7 Nb6 47. Ke4 Nc8 48. a4 Kd6 49. a5 Ne7 50. a6 Kxc7 51. Ke5 Kd7 0-1

[Event "Rodatychi Magic Valley 3rd"]
[Site "Rodatychi"]
[Date "2011.07.07"]
[Round "4"]
[White "Kigel, Dmytro"]
[Black "Meleshko, Vladimir"]
[Result "1/2-1/2"]
[WhiteElo "2210"]
[BlackElo "2286"]
[PlyCount "39"]
[EventDate "2011.07.04"]
[EventType "tourn"]
[EventRounds "9"]
[EventCountry "UKR"]
[EventCategory "1"]
[SourceTitle "CBM 143 Extra"]
[Source "ChessBase"]
[SourceDate "2011.08.29"]
[SourceVersion "1"]
[SourceVersionDate "2011.08.29"]
[SourceQuality "1"]

1. e4 c5 2. Nc3 g6 3. d3 Bg7 4. Be3 d6 5. Qd2 Nc6 6. g3 Rb8 7. Bg2 b5 8. Nge2 b4 9. Nd1 Nd4 10. 0-0 e6 11. Nc1 Ne7 12. a3 a5 13. axb4 axb4 14. c3 bxc3 15. bxc3 Ndc6 16. Bh6 0-0 17. Bxg7 Kxg7 18. Ne3 d5 19. exd5 exd5 20. d4 1/2-1/2